000 004740000a22001810004500
003 MACL
005 20151227123612.0
008 151227b xxu||||| |||| 00| 0 eng d
040 _aMACL
_cmacl
041 _aEnglish
082 _a020.2/TRE
100 _aTrehan, G L
_923087
245 _aSchool Library Management
260 _bSterling Publishers P Ltd
_c1980
_aNew Delhi
350 _a50
650 _aLibrary & Information Science
_916991
942 _cBK
_k020.2/TRE
_2ddc
999 _c34062
_d34062